000 01122cam a22002416a 4500
001 L159137
008 160208s2016 xxk f 000 0 eng d
020 _a9780415870436
035 _a(Sirsi) u159137
041 0 _aeng
050 0 4 _a690.0285
100 1 _aPittard, Steve
245 0 0 _aBIM and quantity surveying
_h[electronic resource]
260 _aLondon
_bRoutledge
_c2016
300 _axvii, 256p.
_c23cm
520 _aAdvises quantity surveyors on how Building Information Modelling (BIM) can be incorporated into core quantity surveying service streams including cost planning, risk managememt, whole life costing, procurement, information management, contract administration, performance measurement and management, facilities managememt and dispute resolution. Uses case studies throughout to demonstrate the relationship between BIM and quantity surveying.
650 2 4 _aBIM
_96219
651 4 _aUnited Kingdom
_y
690 _aQuantity surveying
_96263
700 1 _aSell, Peter
856 4 0 _uhttps://www.vlebooks.com/
_zView on VLEbooks. Logins for members only from [email protected]
942 _n0
999 _c115696
_d115696